Dosch HDRI space
Αποθηκεύτηκε σε:
| Συγγραφή απο Οργανισμό/Αρχή: | |
|---|---|
| Μορφή: | Βίντεο DVD |
| Γλώσσα: | English |
| Δημοσίευση: |
Germany :
Dosch Design,
|
| Θέματα: | |
| Ετικέτες: |
Προσθήκη ετικέτας
Δεν υπάρχουν, Καταχωρήστε ετικέτα πρώτοι!
|
MARC
| LEADER | 00000 gm a2200000 i 4500 | ||
|---|---|---|---|
| 001 | 1/41039 | ||
| 007 | vd cgui | ||
| 008 | 070213s ge eng d | ||
| 035 | |l 10086980 | ||
| 040 | |a GR-MY-UA |b gre |e aacr | ||
| 041 | 0 | |a eng | |
| 082 | 0 | |a 006.6 |2 (22) | |
| 245 | 1 | 0 | |a Dosch HDRI |h [μαγνητοσκόπηση] : |b space / |c Dosch Design |
| 246 | 3 | 3 | |a Space [μαγνητοσκόπηση] |
| 260 | |a Germany : |b Dosch Design, | ||
| 300 | |a 1 βιντεοδίσκος; |b βουβή, έγχρ.; |c 4 3/4 ιν. | ||
| 500 | |a Περιέχει 37 HDR-εικόνες για τρισδιάστατα και κινούμενα σχέδια | ||
| 508 | |a Παραγωγή Dosch Design | ||
| 538 | |a DVD format | ||
| 650 | 0 | 0 | |a Computer graphics. |
| 650 | 0 | 0 | |a Computer animation. |
| 710 | 2 | |a Dosch Design (Firm) | |
| 852 | |a INST |b LESVOS |c AV |e 20070213 |h 006.6 DOS |p 005100036811 |q 005100036811 |t DVD |y 23 |z cd.1 | ||
| 852 | |a INST |b LESVOS |c AV |e 20070213 |h 006.6 DOS |p 005100036812 |q 005100036812 |t DVD |y 23 |z cd.2 | ||
| 852 | |a INST |b LESVOS |c AV |e 20070213 |h 006.6 DOS |p 005100036811 |q 005100036811 |t DVD |v cd.1: |y 23 |z cd.1 | ||
| 852 | |a INST |b LESVOS |c AV |e 20070213 |h 006.6 DOS |p 005100036812 |q 005100036812 |t DVD |v cd.2: |y 23 |z cd.2 | ||
| 853 | |a INST |b LESVOS |c AV |h 006.6 DOS | ||
| 901 | |a BIBL1-2007-1 | ||
| 909 | |a Λ |b 130641 | ||
| 909 | |a Λ |b 130642 | ||
| 920 | |a ΔΙΕΥΡΥΝΣΗ |b ΠΟΛΙΤΙΣΜΙΚΗΣ ΤΕΧΝΟΛΟΓΙΑΣ |y ΛΕΣΒΟΣ |z 2004-03 | ||
| 970 | |a ΚΑΡΑ |b ΓΙΑΣΕΜΗ |z 2007/02/13 | ||